000
00335nam a2200145Ia 4500
008
230718s9999 xx 000 0 und d
041
_a
Eng.
082
_a
320.53
_b
BUN-S
100
_a
Bunce valerie
245
0
_a
Subversive instructions
260
_a
Pakistan
_b
Cambridge Prun
_c
1993
300
_a
670
650
_a
Law
999
_c
26751
_d
26751